Управляющие ситемы и машины (Запис № 414835)

МАРК-запис
000 -Лідер
fixed length control field 01867nam a22003017a 4500
003 - Ідентифікатор контрольного номера
control field UA-OsUOA
001 - Контрольний номер
control field 127585
007 - Фіксоване поле фізичного опису
fixed length control field ta
008 - Елементи даних фіксованої довжини – загальна інформація
fixed length control field 20171205b un ||||| |||| 00| 0 ukr d
090 ## - Локальний шифр розміщення
Класифікаційний індекс УДК 004.8 + 004.9 + 519.7 + 330.46
Авторський знак (НП) У67
040 ## - Джерело каталогізації
Агенція оригінальної каталогізації UA-OsUOA
Мова каталогізації ukr
Агенція, яка здійснювала перезапис UA-OsUOA
Агенція, яка здійснювала модифікацію UA-OsUOA
041 ## - Код мови
Код мови тексту/ звукової доріжки чи окремого заголовка (П) ukr
080 ## - Індекс Універсальної десяткової класифікації
Індекс Універсальної десяткової класифікації (УДК) (НП) 004.8 + 004.9 + 519.7 + 330.46
022 ## - Міжнародний стандартний серіальний номер (ISSN)
Міжнародний стандартний серіальний номер (ISSN) 0130-5395
044 ## - Код країни видавця/ виробника
Код країни видавця/ виробника (П) UA
099 ## - Місцевий розмір звичайного тексту (OCLC)
Передплатний індекс 71008
245 ## - Відомості про назву
Назва (НП) Управляющие ситемы и машины
Решта назви (НП) Засновники: Національна академяя наук України, Міжнародний науково-навчальний центр інформаційних технологій та систем НАН і МОН України, Інститут екібернетики ім. Глушкова НАН України, Фонд Глушкова
Дані про відповідальність (НП) Головний редактор – Гриценко В.І., к.т.н., чл.-к. НАН України
260 ## - Публікація, розповсюдження і т.п. (Вихідні дані)
Місце публікації, розповсюдження і т.п. (П) К.
Дата публікації, розповсюдження і т.п. (П) 2016
246 31 - Інша форма назви
Назва (НП) Міжнародний науковий журнал
Номер частини/ розділ роботи (П) 1
520 3# - Резюме і т.п.
Резюме, реферат, анотація, тощо (НП) Публікуються оригінальні наукові й оглядові статті про прикладних і теоретичних результатах у сфері інформатики та інформаційних технологій, образного мислення, методів і засобів обробки знань, економіко-математичного моделювання.З липня 2014 УСиМ
520 3# - Резюме і т.п.
Резюме, реферат, анотація, тощо (НП) включений в РІНЦ (РІНЦ).
650 #7 - Додаткове предметне введення – тематичний термін
Тематичний термін чи географічна назва, як елемент введення (НП) 00 Загальні питання науки і культури
Джерело заголовка чи терміна UDC
773 0# - Введення хост-одиниці (П)
Контрольний номер запису (П) 127580
Назва (НП) Управляющие ситемы и машины
Місце, видавець та дата видання (НП) К.
856 40 - Електронне місцезнаходження та доступ
Уніфікований ідентифікатор ресурсу (П) http://usim.irtc.org.ua/?page_id=145&lang=ru
942 ## - Додаткові елементи входу (Коха)
Тип елемента Koha Номер журналу
955 ## - Код типу видання за змістом
Код типу видання за змістом (НП) Навчальні видання
962 ## - Рік початку публікації
-- 1972

Немає доступних примірників.